000 00571nam a2200205Ia 4500
005 20221122123224.0
008 131103s9999 xx 000 0 und d
020 _cRs.5.50
040 _aLoreto College
041 _aEnglish
082 _a954.03
_bSEN
100 _aSen,Surendra Nath
245 _aEighteen fifty - seven
_cSurendra Nath Sen
260 _aCalcutta
_bThe Publications Division
_c1957
300 _axxi,468 p.
504 _aIncludes index,glossary and bibliographical references
650 _aModern Indian History
850 _aLCLIB
942 _cBK
999 _c9911
_d60390